<?xml version="1.0" encoding="UTF-8"?><?xml-stylesheet type="text/xsl" href="static/style.xsl"?><OAI-PMH xmlns="http://www.openarchives.org/OAI/2.0/" xmlns:xsi="http://www.w3.org/2001/XMLSchema-instance" xsi:schemaLocation="http://www.openarchives.org/OAI/2.0/ http://www.openarchives.org/OAI/2.0/OAI-PMH.xsd"><responseDate>2026-04-26T20:11:09Z</responseDate><request verb="GetRecord" identifier="oai:uvadoc.uva.es:10324/7207" metadataPrefix="marc">https://uvadoc.uva.es/oai/request</request><GetRecord><record><header><identifier>oai:uvadoc.uva.es:10324/7207</identifier><datestamp>2021-06-29T10:08:58Z</datestamp><setSpec>com_10324_38</setSpec><setSpec>col_10324_852</setSpec></header><metadata><record xmlns="http://www.loc.gov/MARC21/slim" xmlns:doc="http://www.lyncode.com/xoai" xmlns:xsi="http://www.w3.org/2001/XMLSchema-instance" xmlns:dcterms="http://purl.org/dc/terms/" xsi:schemaLocation="http://www.loc.gov/MARC21/slim http://www.loc.gov/standards/marcxml/schema/MARC21slim.xsd">
<leader>00925njm 22002777a 4500</leader>
<datafield tag="042" ind1=" " ind2=" ">
<subfield code="a">dc</subfield>
</datafield>
<datafield tag="720" ind1=" " ind2=" ">
<subfield code="a">Ramasco Jorrín, Ana María</subfield>
<subfield code="e">author</subfield>
</datafield>
<datafield tag="260" ind1=" " ind2=" ">
<subfield code="c">2014</subfield>
</datafield>
<datafield tag="520" ind1=" " ind2=" ">
<subfield code="a">A partir de los 2 años los niños comienzan a desarrollar su lenguaje utilizando frases cada vez más largas y complejas, perfeccionando su habla y aumentando los intercambios comunicativos. En ese momento evolutivo pueden empezar a surgir las disfluencias en forma de repeticiones, interjecciones, bloqueos, prolongaciones, revisiones, etc. El gran dilema está en saber reconocer cuándo nos encontramos ante un caso de tartamudez y decidir si es necesaria o no una intervención temprana.&#xd;
En este trabajo he intentado clarificar los diferentes tipos de disfluencias que aparecen en el habla de un niño de entre 2 y 5 años y cuáles de esas disfluencias son consideradas normales y cuáles indicativas de una tartamudez límite o temprana; además de plasmar otra serie de características como son la frecuencia de errores que cometen, el número de unidades repetidas, la duración de las repeticiones y la presencia de movimientos asociados que van a delimitar aún más los criterios indicativos de una posible tartamudez.&#xd;
Por otro lado he tratado de exponer aquellos indicadores de evolución negativa así como de riesgo de altas probabilidades de cronificación del trastorno.&#xd;
Con toda esta información disponible se pretende facilitar y orientar el proceso de toma decisiones en cuanto al momento más apropiado para intervenir y, sobre todo, el tipo de intervención que se va a llevar a cabo para favorecer cambios tanto en el ambiente como en la propia habla del niño.</subfield>
</datafield>
<datafield tag="024" ind2=" " ind1="8">
<subfield code="a">http://uvadoc.uva.es/handle/10324/7207</subfield>
</datafield>
<datafield ind1=" " ind2=" " tag="653">
<subfield code="a">Habla, trastornos del, en el niño</subfield>
</datafield>
<datafield tag="245" ind1="0" ind2="0">
<subfield code="a">Análisis de los indicadores de riesgo de tartamudez infantil en la etapa de 2 a 5 años</subfield>
</datafield>
</record></metadata></record></GetRecord></OAI-PMH>